<?xml version="1.0" encoding="UTF-8"?>
<record
    xmlns:xsi="http://www.w3.org/2001/XMLSchema-instance"
    xsi:schemaLocation="http://www.loc.gov/MARC21/slim http://www.loc.gov/standards/marcxml/schema/MARC21slim.xsd"
    xmlns="http://www.loc.gov/MARC21/slim">

  <leader>01104nam a22002057a 4500</leader>
  <controlfield tag="008">100323t        xxu||||| |||| 00| 0 eng d</controlfield>
  <datafield tag="082" ind1=" " ind2=" ">
    <subfield code="2">18</subfield>
    <subfield code="a">327.47073 </subfield>
    <subfield code="b">HAR</subfield>
  </datafield>
  <datafield tag="100" ind1="1" ind2=" ">
    <subfield code="a">Harriman, W. Averell.</subfield>
    <subfield code="q">William Averell Harriman</subfield>
    <subfield code="9">13041</subfield>
  </datafield>
  <datafield tag="245" ind1=" " ind2=" ">
    <subfield code="a">America And Russia In A Changing World : </subfield>
    <subfield code="b">A Half Century of Personal Observation / </subfield>
    <subfield code="c">W. Averell Harriman ; Introduction by Arthur M. Schlesinger, Jr.</subfield>
  </datafield>
  <datafield tag="260" ind1=" " ind2=" ">
    <subfield code="a">New York : </subfield>
    <subfield code="b">Doubleday, </subfield>
    <subfield code="c">c1971.</subfield>
  </datafield>
  <datafield tag="300" ind1=" " ind2=" ">
    <subfield code="a">xix, 218p. ; </subfield>
    <subfield code="c">23cm. </subfield>
  </datafield>
  <datafield tag="650" ind1=" " ind2="0">
    <subfield code="a">Vietnamese Conflict, </subfield>
    <subfield code="d">1961-.</subfield>
    <subfield code="9">13042</subfield>
  </datafield>
  <datafield tag="650" ind1=" " ind2="0">
    <subfield code="a">United States </subfield>
    <subfield code="x">Foreign relations </subfield>
    <subfield code="z">Russia.</subfield>
    <subfield code="9">13043</subfield>
  </datafield>
  <datafield tag="650" ind1=" " ind2="0">
    <subfield code="a">Russia </subfield>
    <subfield code="x">Foreign relations </subfield>
    <subfield code="z">United States.</subfield>
    <subfield code="9">13044</subfield>
  </datafield>
  <datafield tag="653" ind1=" " ind2=" ">
    <subfield code="a">Russia </subfield>
    <subfield code="a">Foreign relations with United States, 1926-1971</subfield>
    <subfield code="a">Personal observations</subfield>
  </datafield>
  <datafield tag="653" ind1=" " ind2=" ">
    <subfield code="a">United States</subfield>
    <subfield code="a">Foreign relations with Russia, 1926-1971</subfield>
    <subfield code="a">Personal observations</subfield>
  </datafield>
  <datafield tag="700" ind1="1" ind2=" ">
    <subfield code="a">Schlesinger, Arthur M. </subfield>
    <subfield code="9">13045</subfield>
  </datafield>
  <datafield tag="942" ind1=" " ind2=" ">
    <subfield code="2">ddc</subfield>
    <subfield code="c">BB</subfield>
  </datafield>
  <datafield tag="999" ind1=" " ind2=" ">
    <subfield code="c">13761</subfield>
    <subfield code="d">13761</subfield>
  </datafield>
  <datafield tag="952" ind1=" " ind2=" ">
    <subfield code="0">0</subfield>
    <subfield code="1">0</subfield>
    <subfield code="2">ddc</subfield>
    <subfield code="4">0</subfield>
    <subfield code="7">0</subfield>
    <subfield code="8">Donation-G</subfield>
    <subfield code="a">MAIN</subfield>
    <subfield code="b">MAIN</subfield>
    <subfield code="c">1ST</subfield>
    <subfield code="d">2010-03-23</subfield>
    <subfield code="e">Donation</subfield>
    <subfield code="l">1</subfield>
    <subfield code="o">327.47073  HAR</subfield>
    <subfield code="p">000020268</subfield>
    <subfield code="r">2025-10-04 00:00:00</subfield>
    <subfield code="s">2025-09-28</subfield>
    <subfield code="y">BB</subfield>
    <subfield code="z">Donated by:  Alaa Abd El- Ghaney</subfield>
  </datafield>
</record>
